[Event "PAR-ch sf"]
[Site "Asuncion"]
[Date "2022.06.10"]
[Round "1"]
[White "Sanchez Bobadilla, Valeria Belen"]
[Black "Centurion, Emilio"]
[Result "0-1"]
[WhiteElo "1379"]
[BlackElo "1889"]
[PlyCount "66"]
[EventDate "2022.06.10"]
[EventType "swiss"]
[EventRounds "7"]
[EventCountry "PAR"]
[SourceTitle "EXT 2023"]
[Source "ChessBase"]
[SourceDate "2022.10.05"]
[SourceVersion "1"]
[SourceVersionDate "2022.10.05"]
[SourceQuality "1"]

1. e4 c5 2. b3 d6 3. Nc3 a6 4. Bb2 Nc6 5. d3 e5 6. g3 Nge7 7. Bg2 g6 8. Nge2 Bg7 9. a4 0-0 10. 0-0 Bg4 11. Qd2 Qc7 12. Rac1 Qd7 13. Kh1 Bh3 14. Ba1 Bxg2+ 15. Kxg2 d5 16. exd5 Nxd5 17. Nxd5 Qxd5+ 18. f3 Rad8 19. Nc3 Qe6 20. Rce1 Nd4 21. Ne4 Qc6 22. Bxd4 cxd4 23. Rc1 f5 24. Nf2 Rf7 25. c4 dxc3 26. Qxc3 Qxc3 27. Rxc3 e4 28. Rc2 e3 29. Nd1 Rxd3 30. Re2 Re7 31. Rfe1 Bd4 32. f4 Rxb3 33. Kf3 Kf7 0-1